000
00329nam a22001457a 4500
008
180903b xxu||||| |||| 00| 0 eng d
020
_a
9780030136436
041
_a
eng
080
_a
54
082
_a
54 MAS
100
_a
12
101
_a
KIM
245
_a
Chemistry Principles&Reactions
_c
Masterton.W.L
942
_2
udc
_c
BK
999
_c
47436
_d
47436